Methods of testing raw rubber & unvulcanized compounded rubber. Part 2. Chemical analysis of raw natural rubber. (Record no. 73014)

MARC details
000 -LEADER
fixed length control field 00441nam a2200133Ia 4500
245 #0 - TITLE STATEMENT
Title Methods of testing raw rubber & unvulcanized compounded rubber. Part 2. Chemical analysis of raw natural rubber.
260 ## - PUBLICATION, DISTRIBUTION, ETC. (IMPRINT)
Year of publication 1967
500 ## - GENERAL NOTE
General note Standard number: BS 1673 Part 2
650 ## - SUBJECT ADDED ENTRY--TOPICAL TERM
Topical Term Chemical analysis
650 ## - SUBJECT ADDED ENTRY--TOPICAL TERM
Topical Term Raw natural rubber
650 ## - SUBJECT ADDED ENTRY--TOPICAL TERM
Topical Term Unvulcanised compounded rubber
942 ## - ADDED ENTRY ELEMENTS (KOHA)
Koha item type Standards
Holdings
Withdrawn status Lost status Damaged status Not for loan Collection code Home library Current library Date acquired Koha item type
      Standards British standards RRII Library RRII Library 31/12/2021 Standards